| 000 | 00438nam a2200169Ia 4500 | ||
|---|---|---|---|
| 008 | 230917s9999||||xx |||||||||||||| ||und|| | ||
| 020 | _cRS995 | ||
| 040 |
_e241126 _aMAIN |
||
| 041 | _aEnglish | ||
| 082 | _a338.4791 G271T | ||
| 100 | _aGeetanjali | ||
| 245 | 0 | _aTourism geography | |
| 260 |
_aNew Delhi _bCeugage Learning _c2010 |
||
| 300 | _avii, 306 p. | ||
| 500 | _a2775 13/07/2017 RBP17/67194 18/09/2017 IHTM (SFS) | ||
| 942 | _cBK | ||
| 999 |
_c23182 _d23182 |
||